000 00871cam a2200217Ia 4500
001 84986
003 GBCCL
005 20251127135338.0
008 770927s1971 nyu 000 0 eng d
035 _a(OCoLC)03300213
040 _aYUS
_cYUS
_dOCL
_dLBB
082 _a220.5206
_bBIB
090 _aBS192.A1 1971
_b.N48
245 1 4 _aThe New English Bible with the Apocrypha.
260 _aNew York :
_bOxford University Press,
_c1971.
300 _axxi, 1166, viii, 275, ix, 336 p. ;
_c22 cm.
500 _a"The publication of the books of the Apocrypha ... prepared under the auspices of the Joint Committee on the New Translation of the Bible."
500 _a"The New Testament. First edition 1961. Second edition 1970. The Old Testament and Apocrypha. First published 1970."
710 2 _aJoint Committee on the New Translation of the Bible.
_912234
942 _2ddc
_cREF
999 _c6831
_d6831